000 00614nam a2200229Ia 4500
005 20260115173843.0
008 008 260114s9999 xx 000 0 eng d
020 _a9780511998584
037 _aEBOOK
040 _aCRL
_beng
_cCRL
041 _aeng
_2eng
084 _qCRL
100 _aRobertson
_9892576
245 4 _aThe Cambridge Companion to Thomas Mann
260 _bCambridge University Press
260 _bCambridge University Press
260 _c2001
650 _aLiterature
_9892577
856 _uhttps://doi.org/10.1017/CCOL052165310X
942 _cEBOOK
999 _c1487990
_d1487990